Ramanyasbad (Record no. 3309)

MARC details
000 -LEADER
fixed length control field 00447cam a2200193ua 4500
001 - CONTROL NUMBER
control field 3468
005 - DATE AND TIME OF LATEST TRANSACTION
control field 20260515113700.0
008 - FIXED-LENGTH DATA ELEMENTS--GENERAL INFORMATION
fixed length control field 120216n ii |||gr||||Z||||||asm
040 ## - CATALOGING SOURCE
Transcribing agency MAIN
082 ## - DEWEY DECIMAL CLASSIFICATION NUMBER
Classification number 809
100 ## - MAIN ENTRY--PERSONAL NAME
Personal name Bora, Mahendra,
245 11 - TITLE STATEMENT
Title Ramanyasbad
Statement of responsibility, etc. by Mahendra Bora
250 ## - EDITION STATEMENT
Edition statement 2nd.
260 ## - PUBLICATION, DISTRIBUTION, ETC.
Place of publication, distribution, etc. Dibrugarh:
Name of publisher, distributor, etc. Students emporium,987.
300 ## - PHYSICAL DESCRIPTION
Extent 249p:
Dimensions 23cm.
653 ## - INDEX TERM--UNCONTROLLED
Uncontrolled term Assamese poem
653 ## - INDEX TERM--UNCONTROLLED
Uncontrolled term Ramanyasbad
942 ## - ADDED ENTRY ELEMENTS (KOHA)
Koha item type Books
Holdings
Withdrawn status Lost status Damaged status Not for loan Home library Current library Shelving location Date acquired Total checkouts Full call number Barcode Date last seen Date last checked out Copy number Price effective from Koha item type
        Naharkatiya College Library Naharkatiya College Library General stacks 09/19/2020 1 809 | BOR 7810 02/13/2026 02/03/2026 5 09/19/2020 Books
        Naharkatiya College Library Naharkatiya College Library General stacks 09/19/2020 2 809 | BOR 7812 03/16/2026 03/09/2026 4 09/19/2020 Books
        Naharkatiya College Library Naharkatiya College Library General stacks 09/19/2020 1 809 | BOR 7813 03/14/2026 03/09/2026 2 09/19/2020 Books
        Naharkatiya College Library Naharkatiya College Library General stacks 09/19/2020 1 809 | BOR 7814 03/16/2026 02/26/2026 3 09/19/2020 Books
        Naharkatiya College Library Naharkatiya College Library General stacks 09/19/2020 1 809 | BOR 7815 02/11/2026 01/29/2026 1 09/19/2020 Books